| 000 | 00416pab a2200157 454500 | ||
|---|---|---|---|
| 008 | 180718b2004 xxu||||| |||| 00| 0 eng d | ||
| 100 | _aKhajapeer, M. | ||
| 245 | _aEngaging with communities around as a core value for the universities: role of AIU | ||
| 260 | _c2004 | ||
| 300 | _ap.19-29. | ||
| 362 | _a15 Nov | ||
| 650 | _aCommunities | ||
| 650 | _aUniversities | ||
| 773 | _aUniversity News | ||
| 909 | _a63199 | ||
| 999 |
_c63199 _d63199 |
||